000 00544nam a2200145 a 4500
008 120416s1977 ||||||||||||||||| || u
050 _aT 57.85 Woo
100 _aWoodgate, Harry Samuel
245 1 0 _aPlanning by network
246 _aproject planning and control using network techniques
260 _aLondon
_bBusiness Books
_c1977
300 _axii, 322p. : ill.
350 _a0.00
995 _D0.00
_FCBU-MAIN LIBRARY (Kitwe)
_H1
_I10.00
_M1
_UAVAILABLE
_ZMain Library Open Access Collection
999 _c53702
_d53702